Política indiana: dividida en seis libros
Uloženo v:
| Hlavní autor: | |
|---|---|
| Médium: | Kniha |
| Jazyk: | španělština |
| Vydáno: |
Madrid
Imprenta Real de la Gazeta
1776
|
| Témata: | |
| Tagy: |
Přidat tag
Žádné tagy, Buďte první, kdo vytvoří štítek k tomuto záznamu!
|
MARC
| LEADER | 00000nam a2200000 a 4500 | ||
|---|---|---|---|
| 001 | UCX6105 | ||
| 003 | CL-VaPUC | ||
| 008 | 930419e17760000SP |||||||||||||||||spa|d | ||
| 082 | 0 | 4 | |a 340.098 |b SOL |2 21 |
| 100 | 0 | |a Solorzano Pereira, Juan de |e author |9 322512 | |
| 245 | 1 | 0 | |a Política indiana: dividida en seis libros |
| 300 | |a v | ||
| 942 | |c BK | ||
| 945 | |d 19930419 00:00:00 | ||
| 260 | |a Madrid |b Imprenta Real de la Gazeta |c 1776 | ||
| 650 | 0 | |a Derecho Indiano |9 256266 | |
| 650 | 7 | |a COLONIAS ADMINISTRACION |2 CL-VaPUC |9 315854 | |
| 651 | 0 | |a España |9 254926 | |
| 651 | 0 | |a América |9 255182 | |
| 583 | |a last modification |c 19930419 00:00:00 |k Rodrigo Vera | ||
| 999 | |c 226191 |d 226189 | ||
| 952 | |0 0 |1 0 |4 0 |6 340_098000000000000_SOL_1776 |7 0 |8 X |9 224382 |a BIBHIS |b BIBHIS |d 2019-11-15 |h v.1 |i 2931354 |o 340.098 SOL 1776 |p 2931354 |r 2024-01-30 |w 2019-11-15 |y BK_X |k HIS | ||
| 952 | |0 0 |1 0 |4 0 |6 340_098000000000000_SOL_1776 |7 0 |8 X |9 224383 |a BIBHIS |b BIBHIS |d 2019-11-15 |h v.2 |i 2931362 |o 340.098 SOL 1776 |p 2931362 |r 2024-01-30 |w 2019-11-15 |y BK_X |k HIS | ||